ऐसे हों शिक्षक / (Record no. 65671)

MARC details
000 -LEADER
fixed length control field 00826nam a22001937a 4500
005 - DATE AND TIME OF LATEST TRANSACTION
control field 2012042608098.0
020 ## - INTERNATIONAL STANDARD BOOK NUMBER
Terms of availability 150.00
International Standard Book Number
035 ## - SYSTEM CONTROL NUMBER
System control number B-46483
037 ## - SOURCE OF ACQUISITION
Source of stock number/acquisition
Stock number dpl
082 ## - DEWEY DECIMAL CLASSIFICATION NUMBER
Classification number 371.11
100 ## - MAIN ENTRY--PERSONAL NAME
Personal name बधेका, गिजुभाई
245 1# - TITLE STATEMENT
Title ऐसे हों शिक्षक /
Statement of responsibility, etc गिजुभाई बधेका
260 ## - PUBLICATION, DISTRIBUTION, ETC. (IMPRINT)
Place of publication, distribution, etc दिल्ली
Name of publisher, distributor, etc संस्कृति साहित्य
Date of publication, distribution, etc 2000
270 ## - ADDRESS
Address
City
Postal code
Telephone number
300 ## - PHYSICAL DESCRIPTION
Extent 120पृ.
Dimensions 22सेमी (सजिल्द)
490 ## - SERIES STATEMENT
Series statement शिक्षा के विविध आयाम
-- 45789
942 ## - ADDED ENTRY ELEMENTS (KOHA)
Institution code [OBSOLETE] dpl
Item type Hindi Books
Call number prefix
Source of classification or shelving scheme Dewey Decimal Classification
Classification part 371.11
Call number suffix बधेका
Holdings
Withdrawn status Lost status Not for loan Collection code Home library Current library Date acquired Cost, normal purchase price Full call number Barcode Cost, replacement price Koha item type Public note
      Non-fiction Sarojini Nagar Sarojini Nagar 26/04/2012 150.00 371.11 बधेका B-46483 150.00 Hindi Books Withdrawn List Prepared List No.33/07

© Delhi Public Library
Hit Counter
free hit counter